[Event "II Weekend Lago Maggiore"]
[Site "Leggiuno ITA"]
[Date "2015.05.08"]
[Round "1"]
[White "Bolognese, Leonardo"]
[Black "Sotgia, Cosimo"]
[WhiteElo "1569"]
[BlackElo "1887"]
[Result "0-1"]
[PlyCount "32"]
[EventDate "2015.05.08"]

1. d4 d5 2. c4 e6 3. Nf3 c6 4. Nc3 dxc4 5. a4 Bb4 6. e4 b5 7. Bd2 a5 8. axb5
Bxc3 9. Bxc3 cxb5 10. b4 a4 11. d5 Nf6 12. Qd4 exd5 13. e5 Ne4 14. Bb2 Nc6 15.
Qe3 Nxb4 16. Qc1 Qa5 0-1

[Event "II Weekend Lago Maggiore"]
[Site "Leggiuno ITA"]
[Date "2015.05.08"]
[Round "1"]
[White "Boschetti, Claudio"]
[Black "Benazzo, Angelo"]
[WhiteElo "2109"]
[BlackElo "1692"]
[Result "1-0"]
[PlyCount "115"]
[EventDate "2015.05.08"]

1. e4 c5 2. Nf3 d6 3. c3 Nc6 4. d4 cxd4 5. cxd4 Bd7 6. Nc3 e5 7. Bc4 h6 8. Be3
Nf6 9. h3 Be7 10. O-O O-O 11. Qd2 Rc8 12. Bb3 Na5 13. dxe5 Nxb3 14. axb3 dxe5
15. Nxe5 Be6 16. Rxa7 Qxd2 17. Bxd2 Bb4 18. Rxb7 Bxc3 19. Bxc3 Nxe4 20. Bb4
Rfd8 21. Re1 Bxb3 22. Be7 Bd5 23. Rb5 Re8 24. Rxd5 Rxe7 25. Rxe4 f6 26. f4 fxe5
27. Rdxe5 Rb7 28. Re8+ Rxe8 29. Rxe8+ Kf7 30. Re2 Rb4 31. g3 Kf6 32. Kg2 h5 33.
h4 Rb3 34. Kf2 g6 35. Kg2 Rd3 36. Kh3 Rf3 37. Re5 Rb3 38. Re2 Rf3 39. b4 Rb3
40. Re4 Kf5 41. Re5+ Kf6 42. Rb5 Rb1 43. Rb8 Kf7 44. b5 Kg7 45. b6 Kf7 46. b7
Kg7 47. Kg2 Rb3 48. Kf2 Rb2+ 49. Ke3 Rb3+ 50. Ke4 Rb4+ 51. Kd5 Rb1 52. Kc4 Rc1+
53. Kd3 Rb1 54. f5 gxf5 55. Kd4 Rb5 56. Ke3 Rb4 57. Kf3 Kf7 58. Rh8 1-0

[Event "II Weekend Lago Maggiore"]
[Site "Leggiuno ITA"]
[Date "2015.05.08"]
[Round "1"]
[White "Brioschi, Camillo"]
[Black "Angelini, Marco"]
[WhiteElo "1790"]
[BlackElo "2218"]
[Result "0-1"]
[PlyCount "80"]
[EventDate "2015.05.08"]

1. d4 Nf6 2. c4 g6 3. Nc3 d5 4. Bf4 Bg7 5. e3 c5 6. dxc5 Qa5 7. cxd5 Ne4 8. Rc1
Nxc3 9. Qd2 Qxa2 10. bxc3 Qa5 11. e4 Qxc5 12. Be3 Qc7 13. Bd4 O-O 14. Bxg7 Kxg7
15. Qd4+ Kg8 16. Nf3 Nd7 17. Bc4 Nc5 18. O-O b5 19. Ba2 Bd7 20. Qe3 Kg7 21. Nd4
Rac8 22. f4 e5 23. dxe6 fxe6 24. e5 Qb6 25. Kh1 Rc7 26. g4 Bc8 27. f5 exf5 28.
gxf5 gxf5 29. Bd5 Bb7 30. Rg1+ Kh8 31. Bf3 Nb3 32. e6 Bxf3+ 33. Qxf3 Nxd4 34.
cxd4 Rxc1 35. Rxc1 Qxe6 36. Kg1 Rd8 37. Rc7 Qd6 38. Qb7 Qxd4+ 39. Kf1 Qf4+ 40.
Ke1 Qe3+ 0-1

[Event "II Weekend Lago Maggiore"]
[Site "Leggiuno ITA"]
[Date "2015.05.08"]
[Round "1"]
[White "Buzio, Alberto"]
[Black "Centofante, Maria Rosa"]
[WhiteElo "1815"]
[BlackElo "1488"]
[Result "1-0"]
[PlyCount "61"]
[EventDate "2015.05.08"]

1. e4 d5 2. exd5 Qxd5 3. Nc3 Qa5 4. Nf3 Nf6 5. Bc4 Bg4 6. O-O e6 7. d4 c6 8.
Bd2 Qc7 9. h3 Bh5 10. Re1 Be7 11. Bb3 Nbd7 12. Qe2 O-O 13. a4 a5 14. Bg5 Rae8
15. Rad1 Nd5 16. Nxd5 cxd5 17. Bxe7 Rxe7 18. Bxd5 Rfe8 19. Bb3 Nf6 20. g4 Bg6
21. Ne5 Be4 22. g5 Bxc2 23. Bxc2 Nd5 24. Rc1 Qb6 25. Qe4 g6 26. Ng4 Rd8 27.
Nf6+ Kg7 28. Qh4 h5 29. gxh6+ Kh8 30. Nxd5 Rxd5 31. Qf6+ 1-0

[Event "II Weekend Lago Maggiore"]
[Site "Leggiuno ITA"]
[Date "2015.05.08"]
[Round "1"]
[White "Ciochetta, Giovanni"]
[Black "Fregonese, Giulio"]
[WhiteElo "1614"]
[BlackElo "2061"]
[Result "0-1"]
[PlyCount "76"]
[EventDate "2015.05.08"]

1. e4 e5 2. Nf3 Nc6 3. Bc4 Bc5 4. d3 Nf6 5. O-O a6 6. a3 d6 7. Be3 Bxe3 8. fxe3
Bg4 9. Qd2 h6 10. Nc3 Qd7 11. Nd5 Nxd5 12. exd5 Ne7 13. e4 O-O 14. Rf2 Ng6 15.
Raf1 Qe7 16. h3 Bd7 17. d4 f6 18. dxe5 fxe5 19. Nh2 Nf4 20. Kh1 Qg5 21. Rf3
Nxh3 22. Rxf8+ Rxf8 23. Rxf8+ Kxf8 24. Qxg5 Nxg5 25. Bd3 Kf7 26. Nf3 Nxf3 27.
gxf3 Kf6 28. Kh2 Kg5 29. Kg3 h5 30. Bf1 h4+ 31. Kf2 Kf4 32. c4 a5 33. b4 axb4
34. axb4 b6 35. b5 g5 36. Bg2 Be8 37. Bh1 Bg6 38. Bg2 Bh5 0-1

[Event "II Weekend Lago Maggiore"]
[Site "Leggiuno ITA"]
[Date "2015.05.08"]
[Round "1"]
[White "D'Aulisa, Francesco"]
[Black "Stefanetti, Marco"]
[WhiteElo "1775"]
[BlackElo "2121"]
[Result "1/2-1/2"]
[PlyCount "69"]
[EventDate "2015.05.08"]

1. e4 c6 2. d4 d5 3. exd5 cxd5 4. Nf3 Nf6 5. h3 Nc6 6. Bb5 a6 7. Be2 Bf5 8. c3
e6 9. O-O Bd6 10. Bg5 h6 11. Be3 g5 12. Nh2 Ne4 13. Nd2 Ne7 14. Nxe4 Bxe4 15.
f3 Bg6 16. Ng4 Nf5 17. Bf2 Qc7 18. Qa4+ Ke7 19. Ne5 Bxe5 20. dxe5 Kf8 21. Bd4
Ng3 22. Rfe1 Nxe2+ 23. Rxe2 b5 24. Qb4+ Kg7 25. Qd6 Rhc8 26. Qxc7 Rxc7 27. Ree1
a5 28. a3 Rb8 29. b4 a4 30. Bc5 Rh8 31. Bd4 h5 32. g3 Rcc8 33. Rac1 g4 34. fxg4
hxg4 35. h4 1/2-1/2

[Event "II Weekend Lago Maggiore"]
[Site "Leggiuno ITA"]
[Date "2015.05.08"]
[Round "1"]
[White "Fattorelli, Luciano"]
[Black "Lyabel, Giacomo"]
[WhiteElo "1880"]
[BlackElo "1545"]
[Result "1-0"]
[PlyCount "77"]
[EventDate "2015.05.08"]

1. c4 e5 2. Nc3 Nf6 3. Nf3 Nc6 4. g3 d6 5. Bg2 g6 6. O-O Bg7 7. d4 exd4 8. Nxd4
Bd7 9. b3 O-O 10. Bb2 Re8 11. e3 Qc8 12. Nxc6 Bxc6 13. Bxc6 bxc6 14. Qf3 c5 15.
Rad1 Nd7 16. Rfe1 a6 17. Kg2 Ne5 18. Qe2 Qb7+ 19. Nd5 Rad8 20. e4 f6 21. f4 Nd7
22. Qf3 Qc8 23. Nc3 Qb7 24. Nd5 Qc8 25. h4 Kf7 26. e5 fxe5 27. fxe5+ Kg8 28.
Nf6+ Bxf6 29. exf6 Rf8 30. Re7 Rf7 31. Qd5 Rdf8 32. Rde1 Qa8 33. Qxa8 Rxa8 34.
Rxf7 Kxf7 35. Re7+ Kf8 36. Rxd7 Re8 37. Kf2 h5 38. Rxc7 Re6 39. Rg7 1-0

[Event "II Weekend Lago Maggiore"]
[Site "Leggiuno ITA"]
[Date "2015.05.08"]
[Round "1"]
[White "Hajnal, Zoltan"]
[Black "Tomassoni, Leonardo"]
[WhiteElo "2360"]
[BlackElo "1807"]
[Result "1-0"]
[PlyCount "43"]
[EventDate "2015.05.08"]

1. e4 c5 2. Nf3 d6 3. d4 cxd4 4. Nxd4 Nf6 5. Nc3 a6 6. f3 e5 7. Nb3 Be6 8. Be3
Be7 9. Qd2 O-O 10. O-O-O Bxb3 11. cxb3 Nbd7 12. g4 Rc8 13. Kb1 b5 14. g5 Ne8
15. h4 f5 16. exf5 Rxf5 17. Bh3 Rf8 18. h5 Kh8 19. g6 Ndf6 20. h6 gxh6 21. Bxh6
hxg6 22. Bxf8 1-0

[Event "II Weekend Lago Maggiore"]
[Site "Leggiuno ITA"]
[Date "2015.05.08"]
[Round "1"]
[White "Medici, Simone"]
[Black "Cova, Ennio"]
[WhiteElo "2091"]
[BlackElo "1622"]
[Result "1-0"]
[PlyCount "75"]
[EventDate "2015.05.08"]

1. e4 e5 2. Nf3 Nc6 3. Bc4 Nf6 4. d3 Be7 5. O-O O-O 6. Nc3 d6 7. h3 Na5 8. Qe2
Nxc4 9. dxc4 b6 10. Rd1 Nd7 11. b3 Bb7 12. Nd5 Bxd5 13. cxd5 f5 14. exf5 Rxf5
15. Qe4 Rf7 16. c4 Nc5 17. Qc2 Bf6 18. Bb2 a5 19. a3 a4 20. b4 Nb3 21. Rab1 Qd7
22. Nd2 Nd4 23. Bxd4 exd4 24. Nf3 Be5 25. Nxd4 Raf8 26. f3 Bxd4+ 27. Rxd4 Rxf3
28. gxf3 Rxf3 29. Qe4 Qxh3 30. Qe8+ Rf8 31. Qe6+ Qxe6 32. dxe6 Re8 33. Re4 Re7
34. Rf1 g5 35. Rf5 h6 36. c5 Kg7 37. cxd6 cxd6 38. Rd5 1-0

[Event "II Weekend Lago Maggiore"]
[Site "Leggiuno ITA"]
[Date "2015.05.08"]
[Round "1"]
[White "Modaffari, Giuseppe"]
[Black "Schneider, Antonio"]
[WhiteElo "1543"]
[BlackElo "1837"]
[Result "0-1"]
[PlyCount "54"]
[EventDate "2015.05.08"]

1. e4 g6 2. d4 Bg7 3. Nf3 c5 4. Be3 cxd4 5. Bxd4 Nf6 6. Bd3 O-O 7. Nbd2 Nc6 8.
Bc3 Qc7 9. O-O d6 10. Re1 e5 11. Nf1 Nh5 12. Ng3 Nf4 13. Bf1 h5 14. Ne2 Ne6 15.
Qd2 Nc5 16. Ng3 Qe7 17. h4 Bg4 18. Nh2 Be6 19. Rad1 Rad8 20. Be2 Qxh4 21. Nf3
Qe7 22. Qg5 Bf6 23. Qh6 h4 24. Nh5 gxh5 25. Qxh5 Kg7 26. Nh2 Nxe4 27. Bd3 Rh8
0-1

[Event "II Weekend Lago Maggiore"]
[Site "Leggiuno ITA"]
[Date "2015.05.08"]
[Round "1"]
[White "Montilli, Vincenzo"]
[Black "Castiglioni, Fabrizio"]
[WhiteElo "2181"]
[BlackElo "1782"]
[Result "1-0"]
[PlyCount "77"]
[EventDate "2015.05.08"]

1. Nf3 d5 2. c4 e6 3. g3 dxc4 4. Bg2 Nf6 5. O-O Nc6 6. Qa4 Be7 7. Ne5 Bd7 8.
Nxc6 Bxc6 9. Bxc6+ bxc6 10. Qxc6+ Nd7 11. Qxc4 O-O 12. Nc3 Nb6 13. Qc6 Qd6 14.
Qxd6 cxd6 15. d3 Rfc8 16. Bd2 Nd7 17. Rac1 Rab8 18. Na4 Ne5 19. Rxc8+ Rxc8 20.
Rc1 Rxc1+ 21. Bxc1 Nc6 22. Kf1 Kf8 23. Ke1 Ke8 24. Kd1 Kd7 25. a3 Kc7 26. b4
Kb7 27. Bb2 g6 28. Kc2 Ka6 29. Kb3 Kb5 30. Nc3+ Kb6 31. a4 Ne5 32. Ne4 Ng4 33.
h3 Nh6 34. Bd4+ Kb7 35. b5 Nf5 36. Bb2 d5 37. Nf6 Bxf6 38. Bxf6 d4 39. g4 1-0

[Event "II Weekend Lago Maggiore"]
[Site "Leggiuno ITA"]
[Date "2015.05.08"]
[Round "1"]
[White "Rodolfo Masera, Giovanni Luca"]
[Black "Picchi, Luciano Enrico"]
[WhiteElo "1908"]
[BlackElo "1586"]
[Result "1-0"]
[PlyCount "43"]
[EventDate "2015.05.08"]

1. d4 f5 2. g3 e6 3. Bg2 Nf6 4. c4 Be7 5. Nf3 O-O 6. O-O d6 7. Nc3 Nbd7 8. Qc2
Rb8 9. Re1 b6 10. Ng5 Qe8 11. Nxe6 Rf7 12. Nxc7 Qd8 13. N3d5 Nf8 14. Nxe7+ Rxe7
15. Nd5 Re8 16. Bg5 Re6 17. Qxf5 Rxe2 18. Nxf6+ gxf6 19. Bd5+ Kg7 20. Bxf6+
Qxf6 21. Qxf6+ Kxf6 22. Rxe2 1-0

[Event "II Weekend Lago Maggiore"]
[Site "Leggiuno ITA"]
[Date "2015.05.08"]
[Round "1"]
[White "Rossi, Emanuele"]
[Black "Erdelyi, Tamas"]
[WhiteElo "1630"]
[BlackElo "2101"]
[Result "0-1"]
[PlyCount "84"]
[EventDate "2015.05.08"]

1. e4 c5 2. d4 cxd4 3. c3 Nf6 4. e5 Nd5 5. cxd4 e6 6. Nf3 d6 7. Bb5+ Bd7 8.
Bxd7+ Nxd7 9. O-O Be7 10. exd6 Bxd6 11. Be3 O-O 12. Nbd2 N7b6 13. Rc1 Rc8 14.
Qe2 Qd7 15. Ne4 Nf4 16. Bxf4 Bxf4 17. Nc5 Qc6 18. Rc3 Nd5 19. Rb3 b6 20. Nd3
Bd6 21. g3 Qa4 22. Ng5 Qxa2 23. Qd1 Rc4 24. Ne4 Be7 25. Nc3 Nxc3 26. bxc3 Rfc8
27. Nc1 Qa4 28. Ne2 Qc6 29. Qb1 Qf3 30. Re1 h5 31. h3 h4 32. Qb2 hxg3 33. Nxg3
Ra4 34. c4 Qf6 35. Re4 Raxc4 36. Rg4 Rc2 37. Ne4 Qh6 38. Rc3 Rxb2 39. Rxc8+ Kh7
40. Rg3 f5 41. Rc7 fxe4 42. Rxe7 Qf6 0-1

[Event "II Weekend Lago Maggiore"]
[Site "Leggiuno ITA"]
[Date "2015.05.09"]
[Round "2"]
[White "Angelini, Marco"]
[Black "Rodolfo Masera, Giovanni Luca"]
[WhiteElo "2218"]
[BlackElo "1908"]
[Result "1/2-1/2"]
[PlyCount "132"]
[EventDate "2015.05.08"]

1. c4 Nf6 2. g3 g6 3. Bg2 Bg7 4. Nc3 O-O 5. e4 d6 6. Nge2 c5 7. O-O Nc6 8. d3
Rb8 9. h3 a6 10. f4 Ne8 11. Kh1 Nc7 12. a4 Ne6 13. f5 Ned4 14. fxg6 hxg6 15.
Bg5 Ne6 16. Be3 Ncd4 17. Ra2 Bd7 18. Nf4 Nxf4 19. Bxf4 b5 20. axb5 axb5 21. b3
bxc4 22. bxc4 Rb3 23. Ne2 Qb6 24. Bg5 Re8 25. Nf4 e6 26. Ne2 Rb2 27. Rxb2 Qxb2
28. Nxd4 Qxd4 29. Qf3 f5 30. exf5 exf5 31. Rb1 Rc8 32. Qd5+ Qxd5 33. Bxd5+ Kf8
34. Rb7 Bc6 35. Rf7+ Kg8 36. Rxf5+ Kh8 37. Rf7 Bxd5+ 38. cxd5 c4 39. dxc4 Rxc4
40. Bf6 Bxf6 41. Rxf6 Kg7 42. Rxd6 Rc2 43. h4 Rd2 44. Kg1 Kh6 45. Rd8 Kh5 46.
Rd6 Kh6 47. Kf1 Kh5 48. Kg1 Kh6 49. Ra6 Rxd5 50. Kg2 Kh5 51. Kh3 Rd3 52. Ra5+
Kh6 53. Ra4 Kh5 54. Re4 Ra3 55. Re5+ Kh6 56. Kg4 Ra4+ 57. Kf3 Rb4 58. Re4 Rb5
59. g4 Rb1 60. Kf4 Rf1+ 61. Ke5 Rh1 62. Kf6 Rf1+ 63. Ke6 Rf8 64. Ra4 Rf1 65.
Ra7 g5 66. h5 Rf4 1/2-1/2

[Event "II Weekend Lago Maggiore"]
[Site "Leggiuno ITA"]
[Date "2015.05.09"]
[Round "2"]
[White "Benazzo, Angelo"]
[Black "Bolognese, Leonardo"]
[WhiteElo "1692"]
[BlackElo "1569"]
[Result "0-1"]
[PlyCount "73"]
[EventDate "2015.05.08"]

1. Nf3 Nf6 2. g3 g6 3. Bg2 Bg7 4. O-O O-O 5. c4 d6 6. d4 c5 7. e3 Bg4 8. h3 Bd7
9. Nc3 e6 10. b3 Nc6 11. Bb2 b6 12. Qe2 Re8 13. Rad1 d5 14. Ne5 cxd4 15. exd4
Qc7 16. Nb5 Qb8 17. Rd2 a6 18. Na3 Qc7 19. Nc2 a5 20. a4 Rad8 21. Na3 Qb8 22.
Rfd1 Nb4 23. Bc3 Qd6 24. Nc2 Nxc2 25. Rxc2 Bc6 26. c5 bxc5 27. Bxa5 Rc8 28.
Rxc5 Ne4 29. Rxc6 Rxc6 30. Nxc6 Qxc6 31. Bxe4 dxe4 32. Qc4 Qa8 33. Bb6 Rc8 34.
Bc5 Qc6 35. Qe2 Rb8 36. b4 Qxa4 37. Qxe4 0-1

[Event "II Weekend Lago Maggiore"]
[Site "Leggiuno ITA"]
[Date "2015.05.09"]
[Round "2"]
[White "Castiglioni, Fabrizio"]
[Black "Ciochetta, Giovanni"]
[WhiteElo "1782"]
[BlackElo "1614"]
[Result "1-0"]
[PlyCount "61"]
[EventDate "2015.05.08"]

1. d4 Nf6 2. Nf3 g6 3. Bf4 Bg7 4. Nc3 O-O 5. Qd2 d6 6. Bh6 Bg4 7. Bxg7 Kxg7 8.
O-O-O Bxf3 9. gxf3 Nbd7 10. e4 Nb6 11. Be2 c6 12. f4 e6 13. Rhg1 Kh8 14. h4 Rg8
15. f5 exf5 16. exf5 Nfd5 17. Nxd5 Nxd5 18. c4 Nb6 19. fxg6 fxg6 20. Rh1 Rg7
21. h5 gxh5 22. Rxh5 Qg8 23. b3 Rg1 24. Bd3 Rxd1+ 25. Qxd1 Qg2 26. Rxh7+ Kg8
27. Qe2 Qg5+ 28. Kc2 Kf8 29. Rh8+ Kf7 30. Rh7+ Kf8 31. Qf3+ 1-0

[Event "II Weekend Lago Maggiore"]
[Site "Leggiuno ITA"]
[Date "2015.05.09"]
[Round "2"]
[White "Centofante, Maria Rosa"]
[Black "Rossi, Emanuele"]
[WhiteElo "1488"]
[BlackElo "1630"]
[Result "0-1"]
[PlyCount "94"]
[EventDate "2015.05.08"]

1. d4 d5 2. Nf3 Nc6 3. c4 e6 4. Nc3 Be7 5. cxd5 exd5 6. Bf4 a6 7. e3 Nf6 8. h3
Bf5 9. a3 O-O 10. Bd3 Bxd3 11. Qxd3 h6 12. O-O Bd6 13. Bxd6 Qxd6 14. Nh4 Ne7
15. f4 Rac8 16. b4 b5 17. e4 dxe4 18. Nxe4 Nxe4 19. Qxe4 f5 20. Qd3 Kh8 21.
Rac1 g5 22. fxg5 hxg5 23. Nxf5 Nxf5 24. Rxf5 Rxf5 25. Qxf5 Qxd4+ 26. Kh1 Rg8
27. Rxc7 Qd1+ 28. Kh2 Qd6+ 29. Kg1 Qxc7 30. Qf6+ Kh7 31. Qxa6 Qe5 32. Qb7+ Rg7
33. Qf3 Rc7 34. Qh5+ Kg7 35. Qd1 Qe3+ 36. Kh2 Re7 37. Qg4 Qf4+ 38. Qxf4 gxf4
39. h4 Re2 40. Kh3 Re3+ 41. Kg4 Rxa3 42. Kxf4 Ra4 43. g4 Rxb4+ 44. Kg5 Rc4 45.
h5 Rc5+ 46. Kf4 b4 47. g5 b3 0-1

[Event "II Weekend Lago Maggiore"]
[Site "Leggiuno ITA"]
[Date "2015.05.09"]
[Round "2"]
[White "Cova, Ennio"]
[Black "Modaffari, Giuseppe"]
[WhiteElo "1622"]
[BlackElo "1543"]
[Result "1/2-1/2"]
[PlyCount "73"]
[EventDate "2015.05.08"]

1. e4 c5 2. Nf3 d6 3. d4 cxd4 4. Nxd4 Nf6 5. Nc3 g6 6. Be3 Bg7 7. f3 Nc6 8. Qd2
O-O 9. O-O-O d5 10. exd5 Nxd5 11. Nxd5 Qxd5 12. Nxc6 Qxc6 13. Bh6 Bxh6 14. Qxh6
Bf5 15. Bd3 Bxd3 16. Rxd3 Rfd8 17. Rhd1 Rxd3 18. Rxd3 Qb6 19. Qe3 Qc7 20. g3 e6
21. Qd2 b6 22. Rd7 Qc5 23. b4 Qf8 24. Qd6 Qxd6 25. Rxd6 Kf8 26. Rd7 a5 27. bxa5
Rxa5 28. Kb2 Rd5 29. Rxd5 exd5 30. Kc3 Ke7 31. Kd4 Kd6 32. a4 f6 33. f4 h6 34.
c4 dxc4 35. Kxc4 Kc6 36. Kd4 Kd6 37. Kc4 1/2-1/2

[Event "II Weekend Lago Maggiore"]
[Site "Leggiuno ITA"]
[Date "2015.05.09"]
[Round "2"]
[White "Erdelyi, Tamas"]
[Black "Fattorelli, Luciano"]
[WhiteElo "2101"]
[BlackElo "1880"]
[Result "1-0"]
[PlyCount "137"]
[EventDate "2015.05.08"]

1. Nf3 c5 2. c4 g6 3. g3 Nf6 4. d4 cxd4 5. Nxd4 Bg7 6. Bg2 O-O 7. Nc3 Nc6 8.
Nc2 d6 9. O-O Be6 10. b3 Qd7 11. Bb2 Bh3 12. Ne3 Bxg2 13. Kxg2 Ne4 14. Qc2 Nxc3
15. Bxc3 Bxc3 16. Qxc3 Ne5 17. a4 Rfc8 18. Rfd1 Qe6 19. h3 Rc6 20. Ra2 Nd7 21.
Nd5 Re8 22. Rd3 Qe5 23. Qd2 f5 24. Qb4 Nb6 25. Nf4 Qc5 26. Qd2 Qe5 27. Re3 Qf6
28. h4 Nd7 29. Qd5+ Qf7 30. Qd1 Nf6 31. f3 a6 32. Rd2 Nd7 33. Ne6 Ne5 34. Nf4
Nd7 35. Qa1 Qf6 36. Qa3 Qf7 37. a5 Nf6 38. Qb4 Rc7 39. Qb6 Rd7 40. Red3 Rc8 41.
Qb4 Rc6 42. Re3 Rdc7 43. Ne6 Rd7 44. Ng5 Qf8 45. Red3 h6 46. Ne6 Qf7 47. Nf4
Kh7 48. Qa3 Rdc7 49. Qb4 Rd7 50. Nd5 Nxd5 51. Rxd5 Rdc7 52. R2d3 Kg8 53. Qd2
Rc5 54. Qxh6 Qg7 55. Qd2 Qf6 56. Kh3 Kg7 57. Qb4 R5c6 58. Qd2 Rc8 59. Kg2 f4
60. Qxf4 Qxf4 61. gxf4 Rf8 62. Kg3 Rh8 63. Rg5 Kf6 64. e4 Rh6 65. f5 Rc5 66.
Rd5 Rc8 67. Rxg6+ Rxg6+ 68. fxg6 Kxg6 69. e5 1-0

[Event "II Weekend Lago Maggiore"]
[Site "Leggiuno ITA"]
[Date "2015.05.09"]
[Round "2"]
[White "Fregonese, Giulio"]
[Black "Hajnal, Zoltan"]
[WhiteElo "2061"]
[BlackElo "2360"]
[Result "0-1"]
[PlyCount "40"]
[EventDate "2015.05.08"]

1. e4 e5 2. Bc4 Nc6 3. Nf3 Bc5 4. c3 Nf6 5. d3 a6 6. Bb3 Ba7 7. h3 O-O 8. Bg5
d6 9. Nbd2 Ne7 10. Nh2 Ng6 11. Qf3 h6 12. Bxf6 Qxf6 13. Qxf6 gxf6 14. O-O Nf4
15. Bc2 f5 16. Rad1 Kh8 17. Ndf3 Rg8 18. g3 fxe4 19. dxe4 Bxh3 20. Kh1 Bg2+ 0-1

[Event "II Weekend Lago Maggiore"]
[Site "Leggiuno ITA"]
[Date "2015.05.09"]
[Round "2"]
[White "Lyabel, Giacomo"]
[Black "Brioschi, Camillo"]
[WhiteElo "1545"]
[BlackElo "1790"]
[Result "1/2-1/2"]
[PlyCount "67"]
[EventDate "2015.05.08"]

1. d4 d5 2. c4 e6 3. Nc3 Nf6 4. e3 Nbd7 5. Bd3 dxc4 6. Bxc4 Nb6 7. Bd3 c5 8.
dxc5 Bxc5 9. Nf3 O-O 10. O-O Qe7 11. Qc2 Nbd5 12. Nxd5 exd5 13. b3 Ne4 14. Nd4
Bd7 15. Bb2 Rac8 16. Qe2 Ba3 17. Rac1 Qb4 18. Rxc8 Rxc8 19. Nc2 Rxc2 20. Qxc2
Bc6 21. Bxa3 Qxa3 22. Bxe4 dxe4 23. Rd1 h6 24. f3 Qe7 25. f4 Kh7 26. Qd2 Qc5
27. Qd4 Qa3 28. Qd2 a6 29. Qc2 Qa5 30. Qd2 Qa3 31. Qc2 Qa5 32. Qb2 Qb6 33. Qd4
Qa5 34. Qd2 1/2-1/2

[Event "II Weekend Lago Maggiore"]
[Site "Leggiuno ITA"]
[Date "2015.05.09"]
[Round "2"]
[White "Picchi, Luciano Enrico"]
[Black "Nai, Giovanni"]
[WhiteElo "1586"]
[BlackElo "1801"]
[Result "0-1"]
[PlyCount "31"]
[EventDate "2015.05.08"]

1. e4 e5 2. Nf3 Nc6 3. c4 Nf6 4. d3 d6 5. Be2 Be7 6. b3 Nd4 7. Bb2 c5 8. Nbd2
Ne6 9. O-O g5 10. g3 h5 11. Ne1 Nf8 12. Ng2 Ng6 13. Kh1 Qd7 14. Nf3 Ng4 15. Bc1
f6 16. Re1 0-1

[Event "II Weekend Lago Maggiore"]
[Site "Leggiuno ITA"]
[Date "2015.05.09"]
[Round "2"]
[White "Schneider, Antonio"]
[Black "Boschetti, Claudio"]
[WhiteElo "1837"]
[BlackElo "2109"]
[Result "0-1"]
[PlyCount "34"]
[EventDate "2015.05.08"]

1. e4 e5 2. Bc4 c6 3. Bxf7+ Kxf7 4. Qh5+ g6 5. Qxe5 Bg7 6. Qf4+ Qf6 7. Qc7 Na6
8. Qg3 Qe5 9. Qb3+ d5 10. d3 Nc5 11. Nf3 Nxb3 12. Nxe5+ Bxe5 13. axb3 dxe4 14.
dxe4 Ne7 15. Nd2 Re8 16. Nc4 Bc7 17. Bh6 Nf5 0-1

[Event "II Weekend Lago Maggiore"]
[Site "Leggiuno ITA"]
[Date "2015.05.09"]
[Round "2"]
[White "Sidoti, Gaetano"]
[Black "Medici, Simone"]
[WhiteElo "1326"]
[BlackElo "2091"]
[Result "0-1"]
[PlyCount "24"]
[EventDate "2015.05.08"]

1. e4 e5 2. f4 Bc5 3. Bc4 Bxg1 4. Qh5 Qe7 5. Rxg1 exf4 6. d3 Nf6 7. Qf3 d5 8.
Bb3 dxe4 9. dxe4 Bg4 10. Qxf4 Qxe4+ 11. Kf2 Qe2+ 12. Kg3 Nh5+ 0-1

[Event "II Weekend Lago Maggiore"]
[Site "Leggiuno ITA"]
[Date "2015.05.09"]
[Round "2"]
[White "Sotgia, Cosimo"]
[Black "Montilli, Vincenzo"]
[WhiteElo "1887"]
[BlackElo "2181"]
[Result "0-1"]
[PlyCount "70"]
[EventDate "2015.05.08"]

1. e4 e6 2. d3 d5 3. Nd2 c5 4. Ngf3 Bd6 5. g3 Nc6 6. Bg2 Nge7 7. O-O O-O 8. Re1
Qc7 9. Qe2 f6 10. h4 Bd7 11. Nf1 d4 12. N3h2 e5 13. g4 Ng6 14. h5 Nf4 15. Qd1
b5 16. a4 a6 17. Ng3 c4 18. Nf5 Bb4 19. Rf1 g6 20. hxg6 hxg6 21. Ng3 cxd3 22.
cxd3 Qd6 23. axb5 axb5 24. Rxa8 Rxa8 25. Bxf4 exf4 26. e5 Qxe5 27. Ne4 Kg7 28.
g5 fxg5 29. Nf3 Qe7 30. Nfxg5 Rh8 31. Qb3 Rh5 32. Qd5 Ne5 33. Qxd4 Rxg5 34.
Nxg5 Qxg5 35. f3 Bc5 0-1

[Event "II Weekend Lago Maggiore"]
[Site "Leggiuno ITA"]
[Date "2015.05.09"]
[Round "2"]
[White "Stefanetti, Marco"]
[Black "Buzio, Alberto"]
[WhiteElo "2121"]
[BlackElo "1815"]
[Result "1-0"]
[PlyCount "83"]
[EventDate "2015.05.08"]

1. e4 c5 2. Nc3 Nc6 3. Bb5 a6 4. Bxc6 bxc6 5. d3 d6 6. f4 d5 7. Nf3 Bg4 8. O-O
e6 9. Qe1 Bxf3 10. Rxf3 d4 11. Na4 Nf6 12. b3 Be7 13. f5 e5 14. Qg3 Qc7 15. Ba3
O-O 16. Bc1 Kh8 17. Nb2 Nh5 18. Qg4 Nf6 19. Qh3 Nd7 20. Bd2 Qd8 21. Qg4 Nf6 22.
Qg3 Bd6 23. Nc4 Qe7 24. Bg5 Bc7 25. Qh4 Rfb8 26. Rh3 Kg8 27. Bxf6 Qxf6 28.
Qxh7+ Kf8 29. Rg3 Ke7 30. Qxg7 Qxg7 31. Rxg7 Kf6 32. Rg3 Rg8 33. Rxg8 Rxg8 34.
Kf2 Kg5 35. Rh1 Kh5 36. Rf1 f6 37. Kg1 Rg5 38. Rf3 Kh6 39. Kf2 Kg7 40. Rg3 Kf7
41. Rxg5 fxg5 42. Kg3 1-0

[Event "II Weekend Lago Maggiore"]
[Site "Leggiuno ITA"]
[Date "2015.05.09"]
[Round "2"]
[White "Tomassoni, Leonardo"]
[Black "D'Aulisa, Francesco"]
[WhiteElo "1807"]
[BlackElo "1775"]
[Result "1-0"]
[PlyCount "93"]
[EventDate "2015.05.08"]

1. e4 d6 2. d4 e6 3. Nf3 h6 4. c4 Nd7 5. Be2 Ne7 6. Nc3 b6 7. O-O Bb7 8. a4 g5
9. d5 e5 10. Be3 Ng6 11. g3 Bc8 12. a5 Rg8 13. axb6 cxb6 14. Qa4 Bb7 15. Qb3
Be7 16. Ra2 Qc8 17. Rfa1 a6 18. Bxb6 Nf4 19. Bf1 Rb8 20. Qa4 Kf8 21. Ba7 Ra8
22. Be3 Nf6 23. Qd1 Ng4 24. b4 Nf6 25. b5 Qg4 26. bxa6 Bc8 27. Ne1 Nh3+ 28. Kh1
Qxd1 29. Rxd1 h5 30. a7 Ng4 31. Bxh3 Nxe3 32. Rb1 Bxh3 33. Rb8+ Kg7 34. Rxg8+
Kxg8 35. fxe3 Bd7 36. Nc2 Bd8 37. Nb4 Bb6 38. Nc6 Bxe3 39. Nb5 Bg4 40. Kg2 Bb6
41. Ra6 Bc5 42. Nc7 Bc8 43. Ne7+ Kg7 44. Nxc8 Rxc8 45. a8=Q Rxc7 46. Qb8 Re7
47. Ra8 1-0

[Event "II Weekend Lago Maggiore"]
[Site "Leggiuno ITA"]
[Date "2015.05.09"]
[Round "3"]
[White "Bolognese, Leonardo"]
[Black "Schneider, Antonio"]
[WhiteElo "1569"]
[BlackElo "1837"]
[Result "0-1"]
[PlyCount "52"]
[EventDate "2015.05.08"]

1. d4 g6 2. e4 Bg7 3. c4 c5 4. d5 d6 5. Nc3 Nh6 6. Be2 O-O 7. h3 f5 8. Bxh6
Bxh6 9. exf5 Bxf5 10. Bg4 Bg7 11. Qe2 h5 12. Bxf5 Rxf5 13. Qe6+ Kh7 14. Nf3 Nd7
15. O-O Ne5 16. Ne4 Nxf3+ 17. gxf3 Qf8 18. h4 Bf6 19. Nxf6+ Rxf6 20. Qd7 Rxf3
21. Rae1 Re8 22. Re2 Kh6 23. Rfe1 e5 24. Rf1 Re7 25. Qa4 Qf4 26. Qc2 Qg4+ 0-1

[Event "II Weekend Lago Maggiore"]
[Site "Leggiuno ITA"]
[Date "2015.05.09"]
[Round "3"]
[White "Brioschi, Camillo"]
[Black "Castiglioni, Fabrizio"]
[WhiteElo "1790"]
[BlackElo "1782"]
[Result "1-0"]
[PlyCount "107"]
[EventDate "2015.05.08"]

1. d4 Nf6 2. c4 e6 3. Nc3 Bb4 4. e3 O-O 5. Bd3 b6 6. Nge2 Bb7 7. O-O Nc6 8. e4
Bxc3 9. bxc3 Ne7 10. Ng3 d5 11. cxd5 exd5 12. f3 dxe4 13. fxe4 Ne8 14. Bg5 Qd7
15. Bxe7 Qxe7 16. Nf5 Qe6 17. Qe2 Nd6 18. Rf4 Nxf5 19. Rxf5 Rad8 20. Re1 Qc6
21. Bc4 Bc8 22. Rf4 Qd6 23. e5 Qh6 24. Ref1 Be6 25. Bd3 Rd5 26. Qf2 Qg5 27. Bc4
Qe7 28. Bxd5 Bxd5 29. Qb2 c5 30. R1f2 Rc8 31. h3 cxd4 32. cxd4 Qg5 33. Qd2 Qe7
34. Rg4 Qa3 35. Qg5 Qc1+ 36. Qxc1 Rxc1+ 37. Kh2 Ra1 38. Rg3 Rxa2 39. Rxa2 Bxa2
40. Ra3 Bd5 41. Rxa7 Kf8 42. Kg1 g6 43. Kf2 Kg7 44. g3 Kh6 45. Ke3 Kg5 46. Re7
Be6 47. Re8 b5 48. d5 Bxh3 49. Rb8 h5 50. Rxb5 Bf5 51. Rb8 Kg4 52. Kf2 Be4 53.
Rb4 Kg5 54. Rxe4 1-0